000 01013nam a2200217Ia 4500
999 _c59372
_d59372
003 GCL
005 20240530110218.0
008 140319s9999 xx 000 0 ara d
040 _aGCL /
_cGCL
082 0 4 _a920.71/
_bت م
100 1 _aابن تغرى بردى : جمال الدين ابوالمحاسن يوسف البشبغاوى الظاهرى
245 1 2 _aالمنهل الصافى والمستوفى بعد الوافى /
_cيوسف بن تغرى بردى الاتابكى جمال الدين ابو المحاسن ؛ حققة ووضع حواشية نبيل محمد عبدالعزيز
260 _aالقاهرة :
_bالهيئة المصرية العامة للكتاب ،
_c1988
300 _a10 مج ؛
_c28 سم
490 0 _aمركز تحقيق التراث.
650 0 4 _aالتاريخ الاسلامى
650 0 7 _2qrmak
_aالحضارة الاسلامية
650 0 7 _2qrmak
_aالرجال
_vتراجم
700 0 _aنبيل محمد عبدالعزيز
_eمحقق
942 _2ddc
_cBK